100 municípios mais populosos do Brasil, excetuando capitais e RMs - Statistics

Estatísticas Gerais
  • Esse quiz foi jogado 157 vezes
  • A pontuação média é 52 de 100
Estatísticas das Respostas
Nº de Habitantes UF Município % Correto
1 138 309 SP Campinas
96%
713 232 MG Uberlândia
91%
555 937 PR Londrina
90%
616 323 SC Joinville
88%
616 279 BA Feira de Santana
83%
409 657 PR Maringá
83%
698 259 SP Ribeirão Preto
83%
418 608 SP Santos
83%
156 970 MA Caxias
82%
463 338 RS Caxias do Sul
82%
540 756 MG Juiz de Fora
80%
337 846 MG Uberaba
80%
723 574 SP Sorocaba
79%
697 428 SP São José dos Campos
76%
483 551 RJ Campos dos Goytacazes
74%
235 816 BA Juazeiro
74%
286 120 CE Juazeiro do Norte
74%
419 379 PB Campina Grande
72%
348 051 PR Cascavel
72%
273 110 MA Imperatriz
71%
361 261 SC Blumenau
70%
325 689 RS Pelotas
70%
254 781 SC Chapecó
69%
480 439 SP São José do Rio Preto
69%
386 786 PE Petrolina
67%
277 205 RS Santa Maria
67%
379 146 SP Bauru
66%
285 415 PR Foz do Iguaçu
66%
331 937 PA Santarém
66%
398 817 GO Anápolis
65%
370 868 BA Vitória da Conquista
65%
261 584 RJ Volta Redonda
64%
358 367 PR Ponta Grossa
61%
310 739 SP Taubaté
61%
214 493 SC Criciúma
60%
168 240 SP Itu
60%
414 240 MG Montes Claros
60%
264 577 RN Mossoró
60%
225 868 SP Presidente Prudente
60%
243 368 MS Dourados
57%
423 323 SP Piracicaba
57%
352 537 SP Franca
56%
257 172 MG Governador Valadares
56%
237 629 SP Marília
56%
443 116 SP Jundiaí
54%
349 935 SP Praia Grande
54%
244 897 MT Rondonópolis
54%
329 844 SP São Vicente
54%
178 703 BA Ilhéus
53%
234 696 AL Arapiraca
52%
203 023 CE Sobral
52%
221 987 RJ Cabo Frio
51%
378 052 PE Caruaru
51%
287 634 SP Guarujá
51%
291 869 SP Limeira
51%
266 536 PA Marabá
51%
246 391 RJ Macaé
48%
227 731 MG Ipatinga
47%
196 067 MT Sinop
47%
237 247 SP Americana
46%
206 224 RS Passo Fundo
46%
264 054 SC Itajaí
45%
200 124 SP Araçatuba
44%
242 228 SP Araraquara
44%
167 418 RJ Angra dos Reis
43%
201 418 SP Rio Claro
43%
254 822 SP São Carlos
43%
171 301 TO Araguaína
42%
186 708 BA Itabuna
42%
225 696 GO Rio Verde
42%
167 955 BA Porto Seguro
40%
191 900 RS Rio Grande
40%
176 811 SP Bragança Paulista
38%
231 091 MG Divinópolis
38%
165 428 SP Pindamonhangaba
38%
164 981 SC Lages
37%
266 424 PA Parauapebas
37%
165 123 RJ Teresópolis
33%
185 784 ES Cachoeiro de Itapemirim
30%
189 937 RJ Nova Friburgo
30%
159 235 MG Patos de Minas
30%
279 546 SP Sumaré
30%
182 660 SC Jaraguá do Sul
29%
166 786 ES Linhares
29%
162 159 PI Parnaíba
29%
236 641 SP Hortolândia
28%
163 742 MG Poços de Caldas
28%
183 347 SP Santa Bárbara d'Oeste
28%
159 743 BA Barreiras
27%
255 739 SP Indaiatuba
26%
152 212 MG Pouso Alegre
26%
182 093 PR Guarapuava
24%
240 275 SP Jacareí
24%
169 899 RJ Barra Mansa
22%
158 640 SP Atibaia
20%
158 812 BA Jequié
19%
153 661 SP Mogi Guaçu
19%
156 491 RJ Rio das Ostras
18%
157 790 SP Itapetininga
12%
158 188 PA Abaetetuba
8%
Nenhum quiz correspondente encontrado
Distribuição das Pontuações
Porcentagem de Pessoas com Cada Pontuação
Percentil de Números Respondidos
Sua Pontuação Histórica
Você não jogou esse quiz